The Land Valuer's Assistant: being tables ... for calculating the value of Estates (Record no. 113597)

MARC details
000 -LEADER
fixed length control field 00577cam a22001935a 4500
001 - CONTROL NUMBER
control field L155485
008 - FIXED-LENGTH DATA ELEMENTS--GENERAL INFORMATION
fixed length control field 120326s1811 xxk f 000 0 eng d
035 ## - SYSTEM CONTROL NUMBER
System control number (Sirsi) u155485
041 0# - LANGUAGE CODE
Language code of text/sound track or separate title eng
100 1# - MAIN ENTRY--PERSONAL NAME
Personal name Hudson, R.
245 04 - TITLE STATEMENT
Title The Land Valuer's Assistant: being tables ... for calculating the value of Estates
250 ## - EDITION STATEMENT
Edition statement New edition, etc.
260 ## - PUBLICATION, DISTRIBUTION, ETC.
Place of publication, distribution, etc. London
Name of publisher, distributor, etc. C. Cradock and W. Joy
Date of publication, distribution, etc. 1811
300 ## - PHYSICAL DESCRIPTION
Extent 100 p.
Dimensions obl. 8o
583 ## - ACTION NOTE
Action Condition reviewed
Time/date of action 20120620
Status condition level 4
651 #4 - SUBJECT ADDED ENTRY--GEOGRAPHIC NAME
Geographic name Great Britain
Chronological subdivision 1707-
690 ## - LOCAL SUBJECT ADDED ENTRY--TOPICAL TERM (OCLC, RLIN)
Topical term or geographic name as entry element Valuation
9 (RLIN) 6273
942 ## - ADDED ENTRY ELEMENTS (KOHA)
Suppress in OPAC 0
Holdings
Withdrawn status Lost status Source of classification or shelving scheme Damaged status Not for loan Home library Current library Shelving location Date acquired Total Checkouts Full call number Barcode Date last seen Copy number Price effective from Koha item type
    Dewey Decimal Classification     Historic collection Historic collection Historic collection 26/03/2012   OCTAVO 1811 HUDSON 30077213 06/08/2019 1 06/08/2019 Book